| 000 | 01038nam a2200301 i 4500 | ||
|---|---|---|---|
| 001 | bg | ||
| 100 | 1 | _aKRAWIEC, Stanisław | |
| 245 | 1 | 0 |
_aSystemy informacyjne w zakresie prawa i administracji : _bprzewodnik metodyczny / _cStanisław Krawiec, Paweł Malik ; Wyższa Szkoła Ekonomii i Administracji w Bytomiu. |
| 260 |
_aBytom : _bWSEiA, _c2005. |
||
| 300 |
_a156 s. : _bil. ; _c24 cm. |
||
| 500 | _aTyt. grzbiet.: Systemy informacyjne w zakresie prawa... | ||
| 504 | _aBibliogr. s. [153]-154. | ||
| 650 | 9 |
_aAdministracja _xinformacja |
|
| 650 | 9 |
_aPrawo _xinformacja |
|
| 650 | 9 |
_aSystemy informacyjne _xstosowanie _xadministracja |
|
| 650 | 9 |
_aSystemy informacyjne _xstosowanie _xprawo |
|
| 655 | _aPodręczniki | ||
| 700 | 1 | _aMalik, Paweł | |
| 710 | 0 | _aWyższa Szkoła Ekonomii i Administracji (Bytom) | |
| 015 | _aPB 9283/2005 | ||
| 020 | _a838858717X | ||
| 040 | _cBPK | ||
| 041 | 0 | _apol | |
| 080 | _a002.5:34:352/353](07) | ||
| 920 | _a83-88587-17-X | ||
| 942 | _cKS | ||
| 008 | s pl f |000 0 pol | ||
| 999 |
_c51248 _d51248 |
||
| 856 |
_uhttp://koha.tu.koszalin.pl/cgi-bin/koha/opac-detail.pl?biblionumber=51248 _yKatalog online BPK |
||